La ley evangélica en la historia de la salvación / (Record no. 89137)

MARC details
000 -LEADER
campo de control de longitud fija 00447nam a2200157 i 4500
001 - NÚMERO DE CONTROL
campo de control 89137
003 - IDENTIFICADOR DE NÚMERO DE CONTROL
campo de control ES-MaACL
005 - FECHA Y HORA DE LA ÚLTIMA TRANSACCIÓN
campo de control 20230906180102.0
007 - CAMPO FIJO DE DESCRIPCIÓN FÍSICA--INFORMACIÓN GENERAL
campo de control de longitud fija t|
008 - DATOS DE LONGITUD FIJA--INFORMACIÓN GENERAL
campo de control de longitud fija 050105s1968 sp ||||1| spa d
100 1# - ENTRADA PRINCIPAL--NOMBRE DE PERSONA
Nombre de persona Larrabe, José Luis.
9 (RLIN) 70290
245 13 - MENCIÓN DEL TÍTULO
Título La ley evangélica en la historia de la salvación /
Mención de responsabilidad, etc. José Luis Larrabe.
260 ## - PUBLICACIÓN, DISTRIBUCIÓN, ETC.
Lugar de publicación, distribución, etc. [Vitoria :
Nombre del editor, distribuidor, etc. s.n.,
Fecha de publicación, distribución, etc. 1968]
300 ## - DESCRIPCIÓN FÍSICA
Extensión 175 p. ;
Dimensiones 21 cm.
852 ## - LOCALIZACIÓN
Ubicación ES-MaACL
Número de control de estantería C-50464
Sublocalización o colección R.66868
Holdings
Estatus retirado Estado de pérdida Estado de daño No para préstamo Biblioteca de origen Biblioteca actual Ubicación en estantería Fecha de adquisición Fuente de adquisición Total de préstamos Signatura topográfica completa Código de barras Visto por última vez Precio de reemplazo Tipo de ítem Koha
        Biblioteca del Ateneo de Madrid Biblioteca del Ateneo de Madrid Depósito 2 17/01/2008     C-50464 1093095 23/02/2023 23/02/2023 Libro impreso